000 01652nam a2200505 i 4500
001 40546
003 KOSZ 005
005 20220620121408.0
008 010420s2001 pl a |000 0 pol
015 _aUWD 2001/6626
020 _a837011475X
020 _a8370114768
035 _a991016042549705066
035 _a(PL-WaBN)b14307340-48omnis_nlop
035 _ab14307340
035 _a(OCoLC)297661430
035 _acc2001018093
035 _a(PL)b0000001430734
035 _a(EXLNZ-48OMNIS_NETWORK)9910346335505606
040 _aWA N
_cWA N
_dKOSZ 005/HR
041 0 _apol
046 _k2001
080 _a338.43
080 _a(075.8)
100 1 _aKapusta, Franciszek
_d(1937- )
_eAutor
245 1 0 _aTeoria agrobiznesu.
_nCz. 1 /
_cFranciszek Kapusta.
250 _aWyd. 2 zm. i poszerz.
260 _aWrocław :
_bWydawnictwo Akademii Ekonomicznej im. Oskara Langego,
_c2001.
300 _a406, [1] s. :
_bil. ;
_c24 cm.
336 _aTekst
_btxt
_2rdacontent
337 _aBez urządzenia pośredniczącego
_bn
_2rdamedia
338 _aWolumin
_bnc
_2rdacarrier
380 _aKsiążki
388 _a2001-
504 _aBibliogr. przy rozdz.
650 7 _aAgrobiznes
_2DBN
650 7 _aEkonomika rolnictwa
655 7 _aPodręczniki akademickie
_2DBN
658 _aGospodarka, ekonomia, finanse
658 _aRolnictwo i leśnictwo
710 2 _aWydawnictwo Akademii Ekonomicznej im. Oskara Langego (Wrocław)
856 _uhttp://koha.tu.koszalin.pl/cgi-bin/koha/opac-detail.pl?biblionumber=40546
_yKatalog online BPK
942 _2UKD
_cKS
999 _c40546
_d40546